Guess the country by its bordering countries - Statistics

General Stats
  • This quiz has been taken 101 times
  • The average score is 11 of 15
Answer Stats
Hint Answer % Correct
France and Spain Andorra
92%
Cambodia, China, Myanmar, Thailand, Vietnam. Laos
87%
Liechtenstein, Slovenia, Italy, Hungary, Slovakia, Germany, Czech Republic, and Switzerland. Austria
85%
El Salvador, Guatemala, and Nicaragua Honduras
82%
Romania and Ukraine Moldova
82%
Algeria, Libya, Chad, Benin, Nigeria, Burkina Faso, and Mali. Niger
78%
Indonesia Timor-Leste
74%
China, Iran, Pakistan, Tajikistan, Turkmenistan, and Uzbekistan. Afghanistan
71%
Eritrea, Ethiopia, and Somalia Djibouti
71%
Argentina, Bolivia, and Brazil. Paraguay
71%
Iraq, and Saudi Arabia Kuwait
70%
Israel and Syria Lebanon
69%
Albania, Bosnia and Herzegovina, Bulgaria, Croatia, Hungary, Kosovo, Macedonia, Montenegro, Romania, Serbia
69%
China, Afghanistan, Uzbekistan, and Kyrgyzstan Tajikistan
67%
Benin, Ghana, Ivory Coast, Mali, and Niger, Burkina Faso
60%
No matching quizzes found
Score Distribution
Percent of People with Each Score
Percentile by Number Answered
Your Score History
You have not taken this quiz